Statistics for US Cities That Start With M

Click here to take the quiz!

General Stats

  • This quiz has been taken 82 times
    (50 since last reset)
  • The average score is 6 of 9

Answer Stats

Population City % Correct
413,651Minneapolis
95%
453,579Miami
83%
652,717Memphis
80%
595,047Milwaukee
73%
484,587Mesa
63%
252,551Madison
63%
200,022Montgomery
56%
212,175Modesto
41%
205,499Moreno Valley
27%

Score Distribution

Percentile by Number Answered

Percent of People with Each Score

Your Score History

You have not taken this quiz since the last reset